000 00182 a2200097 4500
020 _a034440056
041 _aeng
100 _aPerry, Anne
245 _adeath of a stranger
942 _cBK
999 _c8907
_d8907